El diamante de la luna / (Record no. 183465)

MARC details
000 -LEADER
campo de control de longitud fija 00604nam a2200181 i 4500
001 - NÚMERO DE CONTROL
campo de control 183465
003 - IDENTIFICADOR DE NÚMERO DE CONTROL
campo de control ES-MaACL
005 - FECHA Y HORA DE LA ÚLTIMA TRANSACCIÓN
campo de control 20230906221911.0
008 - DATOS DE LONGITUD FIJA--INFORMACIÓN GENERAL
campo de control de longitud fija 140626q19001925sp |||| | spa d
100 1# - ENTRADA PRINCIPAL--NOMBRE DE PERSONA
Nombre de persona Collins, Wilkie.
9 (RLIN) 39744
245 13 - MENCIÓN DEL TÍTULO
Título El diamante de la luna /
Mención de responsabilidad, etc. novela escrita por Wilkie Collins (adaptada del inglés).
260 ## - PUBLICACIÓN, DISTRIBUCIÓN, ETC.
Lugar de publicación, distribución, etc. Madrid :
Nombre del editor, distribuidor, etc. [s.n.,
Fecha de publicación, distribución, etc. 19-?]
300 ## - DESCRIPCIÓN FÍSICA
Extensión 39 p. ;
Dimensiones 26 cm.
490 1# - MENCIÓN DE SERIE
Mención de serie Biblioteca de Alrededor del Mundo
830 0# - PUNTO DE ACCESO ADICIONAL DE SERIE-TÍTULO UNIFORME
Título uniforme Biblioteca de Alrededor del Mundo
9 (RLIN) 187712
852 ## - LOCALIZACIÓN
Ubicación ES-MaACL
Número de control de estantería G-6062(3)
Nota libre .- Encuadernado con otras obras
Holdings
Estatus retirado Estado de pérdida Estado de daño No para préstamo Colección Biblioteca de origen Biblioteca actual Ubicación en estantería Fecha de adquisición Fuente de adquisición Total de préstamos Signatura topográfica completa Código de barras Visto por última vez Precio de reemplazo Tipo de ítem Koha
        Libros del s. XIX Biblioteca del Ateneo de Madrid Biblioteca del Ateneo de Madrid Depósito 2 26/06/2014     G-6262(3) 1192839 23/02/2023 23/02/2023 Libro impreso antiguo